Shakespeare in the Spanish theatre : 1772 to the present /

Bibliographic Details
Main Author: Gregor, Keith
Format: Book
Language:English
Published: London ; New York : Continuum, [2010]
Series:Continuum Shakespeare studies.
Subjects:

MARC

Tag First Indicator Second Indicator Subfields
LEADER 00000cam a2200000 a 4500
001 in00002510013
005 20151201114107.0
008 090818s2010 enka b 001 0 eng
020 |a 9780826499349 (hbk.) 
020 |a 0826499341 (hbk.) 
035 |a (OCoLC)ocn435732696 
040 |a UKM  |c UKM  |d BWK  |d YDX  |d UtOrBLW 
049 |a TXAM 
050 4 |a PR2881.5.S7  |b G74 2010 
082 0 |a 822.33  |2 22 
100 1 |a Gregor, Keith. 
245 1 0 |a Shakespeare in the Spanish theatre :  |b 1772 to the present /  |c Keith Gregor. 
264 1 |a London ;  |a New York :  |b Continuum,  |c [2010] 
264 4 |c ©2010 
300 |a vii, 188 pages :  |b illustrations ;  |c 25 cm. 
336 |a text  |b txt  |2 rdacontent 
337 |a unmediated  |b n  |2 rdamedia 
338 |a volume  |b nc  |2 rdacarrier 
490 1 |a Continuum Shakespeare studies 
504 |a Includes bibliographical references and index. 
600 1 0 |a Shakespeare, William,  |d 1564-1616  |x Stage history  |z Spain. 
600 1 0 |a Shakespeare, William,  |d 1564-1616  |x Appreciation  |z Spain. 
650 0 |a Theater  |z Spain  |x History. 
830 0 |a Continuum Shakespeare studies. 
945 |a PromptCat  |b 926861 
946 |a stk 
947 |a A14840247275 
948 |a cataloged  |b h  |c 2010/3/17  |d c  |e dmitchel  |f 12:54:26 pm 
994 |a 92  |b TXA 
999 |a MARS 
999 f f |s 0615e70b-8f98-3a67-a7c2-ff6be7db5d56  |i c4478325-f988-38e2-b4f3-00ccc8c68b98  |t 0 
952 f f |p normal  |a Texas A&M University  |b College Station  |c Sterling C. Evans Library  |d Evans: Library Stacks  |t 0  |e PR2881.5.S7 G74 2010  |h Library of Congress classification  |i unmediated -- volume  |m A14840247275 
998 f f |a PR2881.5.S7 G74 2010  |t 0  |l Evans: Library Stacks